The UK commercial property lending market (Record no. 104401)

MARC details
000 -LEADER
fixed length control field 00782cam a2200205 4500
001 - CONTROL NUMBER
control field ##L130222
008 - FIXED-LENGTH DATA ELEMENTS--GENERAL INFORMATION
fixed length control field 050704n2004 000 0 eng u
035 ## - SYSTEM CONTROL NUMBER
System control number (Sirsi) u130222
041 0# - LANGUAGE CODE
Language code of text/sound track or separate title eng
100 1# - MAIN ENTRY--PERSONAL NAME
Personal name Maxted, Bill
245 04 - TITLE STATEMENT
Title The UK commercial property lending market
Remainder of title research findings 2004-mid year
250 ## - EDITION STATEMENT
Edition statement 4th mid year report
260 ## - PUBLICATION, DISTRIBUTION, ETC.
Place of publication, distribution, etc. Leicester
Name of publisher, distributor, etc. De Montfort University
Date of publication, distribution, etc. 2004
300 ## - PHYSICAL DESCRIPTION
Extent viii, 57p.
Dimensions 30cm.
520 ## - SUMMARY, ETC.
Summary, etc. This mid-year report analyses the lending activity of the major commercial property lenders operating within the UK during the first two quarters of 2004.
690 ## - LOCAL SUBJECT ADDED ENTRY--TOPICAL TERM (OCLC, RLIN)
Topical term or geographic name as entry element PROPERTY-COMMERCIAL PROPERTY-COMMERCIAL PROPERTY FINANCE AND INVESTMENT
700 1# - ADDED ENTRY--PERSONAL NAME
Personal name Porter, Trudi
710 2# - ADDED ENTRY--CORPORATE NAME
Corporate name or jurisdiction name as entry element De Montfort University
9 (RLIN) 2410
942 ## - ADDED ENTRY ELEMENTS (KOHA)
Suppress in OPAC 0
Holdings
Withdrawn status Lost status Source of classification or shelving scheme Damaged status Not for loan Home library Current library Shelving location Date acquired Cost, normal purchase price Total Checkouts Full call number Barcode Date last seen Copy number Cost, replacement price Price effective from Koha item type
    Dewey Decimal Classification     London London Property market reports 12/12/2005 100.00   PROPERTY MARKET REPORTS 30070690 06/08/2019 1 100.00 06/08/2019 Book